000 00673nam a2200289Ia 4500
005 20260324130829.0
008 008 260324s9999 xx 000 0 eng d
020 _a9781032681610
037 _aEBOOK
040 _aCRL
040 _beng
040 _cCRL
041 _2eng
041 _aeng
084 _qCRL
100 _aDebbie Diller
_91156447
245 0 _aMaking the Most of Small Groups
245 0 _bDifferentiation for All
260 _bTaylor and Francis
260 _c2007
365 _a
365 _b135
856 _uhttp://www.taylorfrancis.com/books/9781032681610
942 _cEBOOK
999 _c1779791
_d1779791